Homo ludens : essai sur la fonction sociale du jeu

Αποθηκεύτηκε σε:
Λεπτομέρειες βιβλιογραφικής εγγραφής
Κύριος συγγραφέας: Huizinga, Johan, 1872-1945
Άλλοι συγγραφείς: Seresia, Cecile (Μεταφραστής)
Μορφή: Βιβλίο
Γλώσσα:French
Δημοσίευση: Paris : Gallimard, 1951
Σειρά:Collection Tel
Θέματα:
Ετικέτες: Προσθήκη ετικέτας
Δεν υπάρχουν, Καταχωρήστε ετικέτα πρώτοι!

MARC

LEADER 00000nam a2200000 i 4500
001 1/3004
008 960307s1988 fre d
020 |a 2-07-071279-6 
035 |l 10015065 
040 |a GR-MY-UA  |b gre  |e aacr 
041 0 |a fre 
082 0 |a 901.9 
100 1 |a Huizinga, Johan,   |d 1872-1945. 
245 1 0 |a Homo ludens :  |b essai sur la fonction sociale du jeu /  |c Johan Huizinga ; Traduit du neerlandais par Cecile Seresia 
260 |a Paris :   |b Gallimard,   |c 1951 
300 |a 340 p. 
490 1 |a Collection Tel 
650 0 0 |a Civilization. 
650 0 0 |a Play. 
650 0 0 |a Philosophy. 
700 1 |a Seresia, Cecile.  |4 trl 
830 0 |a Collection Tel 
852 |a INST  |b LESVOS  |e 19960307  |h 901.9 HUI  |p 005100007000  |q 005100007000  |t BK  |y 0 
909 |a Λ  |b 033989